Statistics for Grêmio Best Scorer By Year

Click here to take the quiz!

General Stats

  • This quiz has been taken 83 times
    (16 since last reset)
  • The average score is 8 of 46

Answer Stats

Player% Correct
Luis Suárez
93%
Mário Jardel
86%
Diego Souza
71%
Paulo Nunes
71%
Renato Gaúcho
71%
Everton Soares
64%
Hernán Barcos
64%
Fernandinho
50%
Jonas
43%
Marcelo Moreno
29%
André Lima
21%
Cuca
21%
Marcel
21%
Tarciso
21%
Ronaldinho Gaúcho
14%
Baltazar
7%
Fernando Gaúcho
7%
Guilherme
7%
Lima
7%
Roberto Assis
7%
Rodrigo Mendes
7%
Zé Alcino
7%
Agnaldo Liz
0%
Alfredo Obberti
0%
André Catimba
0%
Caio
0%
Carlos Miguel
0%
Charles
0%
China
0%
Christian
0%
Cláudio Pitbull
0%
Flecha
0%
Gilson
0%
Héctor Scotta
0%
Luan Vieira
0%
Luís Mário
0%
Magrão
0%
Nando Lambada
0%
Neca
0%
Nílson
0%
Reinaldo
0%
Rodrigo Fabri
0%
Rômulo Antoneli
0%
Tita
0%
Tuta
0%
Valdo
0%

Score Distribution

Percentile by Number Answered

Percent of People with Each Score

Your Score History

You have not taken this quiz since the last reset